ARRUPE JESUIT UNIVERSITY

CORONAVIRUS -STOP THE SPREAD - CLEAN,DISINFECT,COVER

Progress and its problems (Record no. 5195)

MARC details
000 -LEADER
fixed length control field 00573nam a2200241Ia 4500
003 - CONTROL NUMBER IDENTIFIER
control field 0100
008 - FIXED-LENGTH DATA ELEMENTS--GENERAL INFORMATION
fixed length control field 130227s9999 xx 000 0 und d
020 ## - INTERNATIONAL STANDARD BOOK NUMBER
International Standard Book Number 0710087497
040 ## - CATALOGING SOURCE
Transcribing agency ARRUPELIB
050 ## - LIBRARY OF CONGRESS CALL NUMBER
Classification number Q175.L267 1977
100 ## - MAIN ENTRY--PERSONAL NAME
Personal name Laudan, Larry
245 ## - TITLE STATEMENT
Title Progress and its problems
245 ## - TITLE STATEMENT
Remainder of title Towards a theory of scientific growth
260 ## - PUBLICATION, DISTRIBUTION, ETC. (IMPRINT)
Place of publication, distribution, etc London
260 ## - PUBLICATION, DISTRIBUTION, ETC. (IMPRINT)
Name of publisher, distributor, etc Routledge & Kegan Paul
260 ## - PUBLICATION, DISTRIBUTION, ETC. (IMPRINT)
-- 1977
300 ## - PHYSICAL DESCRIPTION
Extent x
300 ## - PHYSICAL DESCRIPTION
Other physical details 257p 21cm
650 ## - SUBJECT ADDED ENTRY--TOPICAL TERM
Topical term following geographic name as entry element Jesuits
650 ## - SUBJECT ADDED ENTRY--TOPICAL TERM
Location of event Religious life
650 ## - SUBJECT ADDED ENTRY--TOPICAL TERM
Active dates Catholic Church
942 ## - ADDED ENTRY ELEMENTS (KOHA)
Source of classification or shelving scheme Library of Congress Classification
Koha issues (borrowed), all copies 3
Holdings
Withdrawn status Lost status Source of classification or shelving scheme Damaged status Not for loan Collection code Home library Current library Shelving location Date acquired Total Checkouts Full call number Barcode Date last seen Date last borrowed Copy number Price effective from Koha item type
    Library of Congress Classification     Main Collection ARRUPE LIBRARY ARRUPE LIBRARY   27/02/2013 4 Q175.L267 1977 46406714 03/07/2019 15/02/2017 1 27/02/2013 Monograph ( Printed materials)

 

Arrupe Library. PO Box MP320 Mt Pleasant, Harare, Zimbabwe
263 242 745411|librarian@aju.ac.zw